LEADER 01927nam a2200373 u 4500 001 000000012444 003 CaOOAMICUS 005 20070226105533.0 008 940517s1989 it u000 u ita u 020 $a8837213638 035 $a10301344 040 $aPUL(R)$bita 100 1 $aBrambilla, Franco Giulio,$d1949-$0(OLS)http://pul/name/11838 245 13$aLa cristologia di Schillebeeckx :$bla singolarità di Gesù come problema di ermeneutica teologica /$cFranco Giulio Brambilla. 260 $aBrescia :$bMorcelliana,$cc1989. 300 $a620 p. ;$c25 cm 490 1 $aPubblicazioni del Pontificio Seminario Lombardo in Roma.$aRicerche di scienze teologiche ;$v30 500 $aComprende indici. 504 $aBibliografia: p. 19-50. 600 14$aSchillebeeckx, Edward,$cO.P.,$d1914-2009.$0(OLS)http://pul/subject/9308 600 04$aIesus Christus$xTeologia.$0(OLS)http://pul/subject/322 710 2 $aPontificio seminario lombardo (Roma).$0(OLS)http://pul/name/2945 830 0$aPubblicazioni del Pontificio Seminario Lombardo in Roma.$pRicerche di scienze teologiche ;$v30.$0(OLS)http://pul/title/4041 850 $aPUL 852 $aPUL$W1$xSL Religione 1$y3$m71.L$j3674$nBK-PRI$b $qStampati$B17586$CPULBib$Z2$F17586 $H $81 852 $aPUL$W1$xSL Religione 1$y3$m71.L$j3674$nBK-PRI$b $qStampati$B17587$CPULBib$Z2$F17587 $H $81 852 $aPUL$W1$xDP1 Fondo Bordoni$y120$m3 G 25$j166723$qFondi$B175547$CPULBib$Z2$F175547 $HBor1789 $81 941 1 $a1 941 1 $a8 961 $aINV: 62196 961 $aINV: 61538 996 $6020$a8837213638$9(OLS)http://pul/number/15907 996 $6245$aLa cristologia di Schillebeeckx :$bla singolarità di Gesù come problema di ermeneutica teologica$9(OLS)http://pul/title/18002 996 $6260$aBrescia :$bMorcelliana$9(OLS)http://pul/publisher/47854 LEADER 01648nam a2200337 u 4500 001 000000114656 003 CaOOAMICUS 005 20090224124416.0 008 090224m20089999gw u000 u eng r 020 $z978-3-11-020551-0 (v. 1)* 020 $z978-3-11-020552-7 (v. 2)* 040 $aPUL$bita$dLDB 245 00$aNew approaches to the study of religion /$cedited by Peter Antes, Armin W. Geertz, Randi R. Warne. 260 $aBerlin ;$aNew York :$bDe Gruyter,$c<2008->. 300 $av. ;$c23 cm. 490 1 $aReligion and Reason 504 $aInclude indice e riferimenti bibliografici. 505 1 $av. 1. Regional, critical, and historical approaches. -- v. 2. Textual, comparative, sociological, and cognitive approaches. 650 14$aReligione$xStudio e insegnamento.$0(OLS)http://pul/subject/396 700 1 $aWarne, Randi R.$0(OLS)http://pul/name/70822 700 1 $aAntes, Peter.$0(OLS)http://pul/name/34517 700 1 $aGeertz, Armin W.$0(OLS)http://pul/name/70821 830 0$aReligion and Reason.$0(OLS)http://pul/title/29849 850 $aPUL 852 $aPUL$W1$xSL Religione 3$y85$m200. 7 ANTPE 1.1$j131134$av. 1$qDDC 21$B130093$CPULBib$Z2$F130093 $82 852 $aPUL$W1$xSL Religione 3$y85$m200. 7 ANTPE 1.2$j131135$av. 2$qDDC 21$B130094$CPULBib$Z2$F130094 $82 941 1 $a9 996 $6020$z978-3-11-020551-0 (v. 1)*$9(OLS)http://pul/number/139788 996 $6020$z978-3-11-020552-7 (v. 2)*$9(OLS)http://pul/number/139789 996 $6245$aNew approaches to the study of religion$9(OLS)http://pul/title/144089 996 $6260$aBerlin ;$aNew York :$bDe Gruyter$9(OLS)http://pul/publisher/60281